|
|
|
|
| LEADER |
01080cam a2200289 7i4500 |
| 001 |
0000068443 |
| 005 |
20220518090000.0 |
| 020 |
|
|
|a 9781799848530 (electronic book)
|
| 090 |
0 |
0 |
|a HD2741
|b .C87 2021
|
| 245 |
0 |
0 |
|a Corporate governance and its implications on accounting and finance
|c [edited by] Ahmad J. Alqatan, Khaled Hussainey, Hichem Khlif.
|
| 264 |
|
|
|a Hershey, PA:
|b IGI Global,
|c 2021.
|
| 300 |
|
|
|a 1 online resource (425 pages):
|b text file, PDF.
|
| 336 |
|
|
|a text
|2 rdacontent
|
| 337 |
|
|
|a computer
|2 rdamedia
|
| 338 |
|
|
|a online resource
|2 rdacarrier
|
| 490 |
0 |
|
|a Advances in Finance, Accounting, and Economics (AFAE) book series
|
| 650 |
|
0 |
|a Corporate governance
|
| 650 |
|
0 |
|a Social responsibility of business
|
| 650 |
|
0 |
|a Accounting
|
| 655 |
|
0 |
|a Electronic books
|
| 700 |
1 |
|
|a Alqatan, Ahmad J.
|
| 700 |
1 |
|
|a Hussainey, Khaled
|
| 700 |
1 |
|
|a Khlif, Hichem
|
| 856 |
4 |
2 |
|u http://library.unisel.edu.my/web/guest/mylibrary
|
| 997 |
|
|
|a Business & Accountancy, Faculty
|
| 998 |
|
|
|a Finance, Degree
|
| 999 |
|
|
|a EBO0012644
|b EBOOK
|c EBOOK
|e Electronic resources
|